<The> Analysis of Employment Rates in the Context of Spatial Connectivity of the EU Regions

Stratégia Európa 2020. Analýza miery zamestnanosti v 252 regiónoch NUTS 2 EÚ a regionálnych spillover efektov pomocou nástrojov prieskumnej analýzy priestorových údajov (ESDA, exploratory spatial data analysis) v období 2010-2016.

Saved in:
Bibliographic Details
Main Author: Chocholatá, Michaela, 1977-
Other Authors: Furková, Andrea, 1975-
Format: Book Chapter
Language:English
Subjects:
Tags: Add Tag
No Tags, Be the first to tag this record!

MARC

LEADER 00000nla a2200000 4500
001 0247557
005 20241007130529.7
041 0 |a eng 
044 |a PL 
245 1 0 |a <The> Analysis of Employment Rates in the Context of Spatial Connectivity of the EU Regions  |c Michaela Chocholatá, Andrea Furková 
520 |a Stratégia Európa 2020. Analýza miery zamestnanosti v 252 regiónoch NUTS 2 EÚ a regionálnych spillover efektov pomocou nástrojov prieskumnej analýzy priestorových údajov (ESDA, exploratory spatial data analysis) v období 2010-2016. 
610 2 0 |a rast hospodársky 
610 2 0 |a trh práce 
610 2 0 |a zamestnanosť 
610 2 0 |a miera zamestnanosti 
610 2 0 |a regióny 
610 2 0 |a spillover 
610 2 0 |a analýza dát 
610 2 0 |a Európska únia 
100 1 |a Chocholatá, Michaela, 1977- 
700 1 |a Furková, Andrea, 1975-